000
00293nam a2200121Ia 4500
008
190216s9999||||xx |||||||||||||| ||und||
100
_a
Beeran U A
245
0
_a
Moulana Mohammedaliyude Atmakadha
260
_b
Arafa Publications
_c
1988
300
_a
185p
650
_a
Athmakadha
942
_c
BK
999
_c
23976
_d
23976